| 000 | 00780nam a22001935i 4500 | ||
|---|---|---|---|
| 001 | 167918 | ||
| 003 | ES-MaACL | ||
| 005 | 20250809024234.0 | ||
| 008 | 050930s1872 xxu | |||||||| ||eng d | ||
| 040 |
_aCAM _bspa _cCAM |
||
| 100 | 1 |
_aWharton, Francis. _9133917 |
|
| 245 | 1 | 2 |
_aA treatise on the conflict of laws or Private international law _b: including a comparative view of anglo-american, roman, german, and french jurisprudence / _cby Francis Wharton. |
| 260 |
_aPhiladelphia : _bKay and Brother, _c1872 ( _eRiverside, Cambridge : _fH. O. Houghton and company) |
||
| 300 |
_aXXXII, 758 p. ; _c24 cm. |
||
| 650 | 7 |
_aDerecho internacional _2embne _911717 |
|
| 752 |
_aEstados Unidos - _dFiladelfia |
||
| 852 |
_aES-MaACL _jG-9996 _z-- Enc. piel |
||
| 999 |
_c167918 _d167918 |
||